Online
Catalog

La vuelta al mundo sin maleta / (Record no. 15065)

MARC details
000 -CABECERA
campo de control de longitud fija 01179nam a2200277 a 4500
001 - NÚMERO DE CONTROL
campo de control 000015509
003 - IDENTIFICADOR DEL NÚMERO DE CONTROL
campo de control DO-SdBNP
005 - FECHA Y HORA DE LA ÚLTIMA TRANSACCIÓN
campo de control 20240510073818.0
007 - CAMPO FIJO DE DESCRIPCIÓN FÍSICA--INFORMACIÓN GENERAL
campo de control de longitud fija ta
008 - DATOS DE LONGITUD FIJA--INFORMACIÓN GENERAL
campo de control de longitud fija 100211s1995 dr g 000 0 spa d
040 ## - FUENTE DE LA CATALOGACIÓN
Centro catalogador/agencia de origen DO-SdBNP
Lengua de catalogación spa
Centro/agencia transcriptor BNPHU
082 #4 - NÚMERO DE LA CLASIFICACIÓN DECIMAL DEWEY
Número de clasificación 266.023
Número de documento/Ítem T183v, 1995
Número de edición 22
100 1# - ENTRADA PRINCIPAL--NOMBRE DE PERSONA
Nombre de persona Tardif, Emiliano,
Fechas asociadas al nombre 1928-1999
9 (RLIN) 35030
245 13 - MENCIÓN DE TÍTULO
Título La vuelta al mundo sin maleta /
Mención de responsabilidad, etc. Emiliano Tardif, José H. Prado Flores.
250 ## - MENCIÓN DE EDICIÓN
Mención de edición 3ª ed.
260 ## - PUBLICACIÓN, DISTRIBUCIÓN, ETC.
Lugar de publicación, distribución, etc. Santo Domingo :
Nombre del editor, distribuidor, etc. Ediciones MSC,
Fecha de publicación, distribución, etc. 1995.
300 ## - DESCRIPCIÓN FÍSICA
Extensión 190 p. ;
Dimensiones 22 cm.
505 0# - NOTA DE CONTENIDO CON FORMATO
Nota de contenido con formato Introducción --
Título I: Tour por el mundo:
-- La vuelta al mundo sin maleta --
-- América Latina --
-- Africa --
-- Europa --
-- Australia --
-- Las islas remotas --
-- Canada --
-- II: Seminario de vida en el espíritu:
-- El amor de Dios --
-- El pecado --
-- La salvación en Cristo Jesús --
-- Fe y conversión --
-- Don del espíritu --
-- La comunidad --
-- Enseñarnos a orar.
590 ## - NOTA LOCAL (RLIN)
Nota local Inventariado, 2018/ YL
650 #4 - PUNTO DE ACCESO ADICIONAL DE MATERIA--TÉRMINO DE MATERIA
Término de materia o nombre geográfico como elemento de entrada Evangelización
9 (RLIN) 476
650 #4 - PUNTO DE ACCESO ADICIONAL DE MATERIA--TÉRMINO DE MATERIA
Término de materia o nombre geográfico como elemento de entrada Misiones
Subdivisión general Iglesia católica
9 (RLIN) 35031
650 #0 - PUNTO DE ACCESO ADICIONAL DE MATERIA--TÉRMINO DE MATERIA
Término de materia o nombre geográfico como elemento de entrada Vida cristiana
9 (RLIN) 668
700 1# - PUNTO DE ACCESO ADICIONAL--NOMBRE DE PERSONA
Nombre de persona Prado Flores, José H.
9 (RLIN) 10971
910 ## - DATOS DE OPCIÓN DEL USUARIO (OCLC)
Datos de opción del usuario Validado. Control de calidad EMS
942 ## - ELEMENTOS DE PUNTO DE ACCESO ADICIONAL (KOHA)
Fuente del sistema de clasificación o colocación Dewey Decimal Classification
Tipo de ítem Koha Libro
Holdings
Estado de retiro Estado de pérdida Fuente del sistema de clasificación o colocación Restricciones de uso No para préstamo Código de colección Localización permanente Ubicación/localización actual Ubicación en estantería Fecha de adquisición Signatura topográfica completa Código de barras Fecha visto por última vez Número de copia Precio válido a partir de Tipo de ítem Koha
    Dewey Decimal Classification Préstamo en sala   Dominicana de Servicio Biblioteca Nacional Pedro Henríquez Ureña Biblioteca Nacional Pedro Henríquez Ureña Extraviado 02.12.2010 BNPHU DS 266.023 T183v, 1995 15509-40 25.06.2020 e. 4 25.06.2020 Libro
    Dewey Decimal Classification Préstamo en sala   Dominicana de Servicio Biblioteca Nacional Pedro Henríquez Ureña Biblioteca Nacional Pedro Henríquez Ureña Extraviado 02.12.2010 BNPHU DS 266.023 T183v, 1995 15509-50 25.06.2020 e. 5 25.06.2020 Libro
    Dewey Decimal Classification Préstamo en sala   Dominicana de Servicio Biblioteca Nacional Pedro Henríquez Ureña Biblioteca Nacional Pedro Henríquez Ureña Depósito 11.02.2010 BNPHU DS 266.023 T183v, 1995 15509-30 25.06.2020 e. 3 25.06.2020 Libro
    Dewey Decimal Classification Excluido de préstamo   Patrimonio Dominicano Biblioteca Nacional Pedro Henríquez Ureña Biblioteca Nacional Pedro Henríquez Ureña Depósito 11.02.2010 BNPHU PD 266.023 T183v, 1995 15509-10 25.06.2020   25.06.2020 Libro
    Dewey Decimal Classification Excluido de préstamo   Patrimonio Dominicano Biblioteca Nacional Pedro Henríquez Ureña Biblioteca Nacional Pedro Henríquez Ureña Depósito 11.02.2010 BNPHU PD 266.023 T183v, 1995 15509-20 25.06.2020 e. 2 25.06.2020 Libro

Powered by Koha